| 000 | 00859nam a2200241 a 4500 | ||
|---|---|---|---|
| 005 | 20240314063644.0 | ||
| 008 | 120627s2004 es r 000 0 spa d | ||
| 020 | _a9788421696477 | ||
| 035 | _aUPN01000185560 | ||
| 049 | _aI | ||
| 050 | 4 |
_aPZ8.9 _aP3.7 2004 |
|
| 100 | 1 |
_aPark, Barbara, _d1947- _931814 |
|
| 245 | 1 | 0 |
_aJunie B. Jones : _btiene un admirador secreto / _cBárbara Park ; il. Denise Brunkus ; tr. Begoña Oro. |
| 250 | _a5a ed. | ||
| 260 |
_aMadrid : _bBruño, _cc2004. |
||
| 300 |
_a89 p. : _bil. col. |
||
| 440 | 0 |
_aJunie B. Jones. _pLa niña más superdivertida ; _v5 |
|
| 534 |
_pTítulo original: _tJunie B. Jones and the mushy gusby valentine |
||
| 650 | 4 |
_aCuentos infantiles estadounidenses _910762 |
|
| 650 | 4 |
_aAMOR - _vLITERATURA INFANTIL _911101 |
|
| 650 | 4 |
_aMujeres adolescentes _vLiteratura juvenil _914804 |
|
| 905 | _aInfantil | ||
| 999 |
_c157663 _d157663 |
||